The foundations of knowing /

Bibliographic Details
Main Author: Chisholm, Roderick M.
Format: Book
Language:English
Published: Minneapolis : University of Minnesota Press, [1982]
Subjects:

MARC

Tag First Indicator Second Indicator Subfields
LEADER 00000pam a2200000 a 4500
001 in00000091662
005 20150923131718.0
008 811112s1982 mnu b s00110 eng
010 |a  81019707  
020 |a 0816611033 :  |c $29.50 
020 |a 0816611041 (pbk.) :  |c $10.95 
035 |a (OCoLC)07978097 
035 |9 AAK6993AM 
039 0 |a 2  |b 3  |c 3  |d 3  |e 3 
040 |a DLC  |c DLC  |d TXA  |d UtOrBLW 
049 |a TXAM  |c [1561955] 
050 0 0 |a BD161  |b  C467 1982 
082 0 |a 121  |2 19 
100 1 |a Chisholm, Roderick M. 
245 1 4 |a The foundations of knowing /  |c Roderick M. Chisholm. 
264 1 |a Minneapolis :  |b University of Minnesota Press,  |c [1982] 
264 4 |c ©1982 
300 |a viii, 216 pages ;  |c 24 cm. 
336 |a text  |b txt  |2 rdacontent 
337 |a unmediated  |b n  |2 rdamedia 
338 |a volume  |b nc  |2 rdacarrier 
504 |a Includes bibliographical references and index. 
650 0 |a Knowledge, Theory of. 
999 |a MARS 
999 f f |s 1b4bc1dd-cf2e-37e4-8071-e7068481897e  |i fa06eebf-cd0f-3629-9416-d86c7620660f  |t 0 
952 f f |p ric  |a Texas A&M University  |b Rellis Campus  |c Joint Library Facility  |d Remote Storage  |t 0  |e BD161 C467 1982  |h Library of Congress classification  |i unmediated -- volume  |m A14806019559 
998 f f |a BD161 C467 1982  |t 0  |l Remote Storage